| 000 | 01220nam2a22002531 4500 | ||
|---|---|---|---|
| 001 | RU\NLR\INFOCOMM6\1000397913 | ||
| 005 | 20260607141841.0 | ||
| 035 | _a(NLR Aleph) 002716217 | ||
| 090 |
_a13727679 _c13727679 |
||
| 100 | _a20040225d1983 |||y0rusy50 ba | ||
| 101 | 0 | _arus | |
| 102 | _aGE | ||
| 105 | _ay ||||||||| | ||
| 200 | 1 |
_aОрганизация и управление промышленного производства продуктов питания и кормов из нетрадиционных ресурсов в ГССР _fП.Д. Чагелишвили |
|
| 210 | _d1983 | ||
| 461 | 0 |
_1001RU\NLR\INFOCOMM6\1000397892 _12001#$aОбзорная информация$hСерия 1$iЦелевые комплексные научно-технические программы и программы по решению важнейших научно-технических проблем$fГруз. НИИ НТИ и техн.-экон. исслед. ГКНТ ГССР$v1983, Вып.6 |
|
| 700 | 1 |
_aЧагелишвили _bП. Д. _4070 |
|
| 801 | 0 |
_aRU _bNLR _gPSBO |
|
| 801 | 1 |
_aRU _bInfoComm _c20040225 |
|
| 852 |
_aNLR _jП1/459 |
||
| 942 | _cISSUE | ||
| 980 | _aRUSPER | ||
| 980 | _aNB | ||